La tierra prometida Balance de la polt̕ica de restitucin̤ de tierras en Colombia /

Detalles Bibliográficos
Autor principal: Gutiřrez Sann̕, Francisco
Otros Autores: Peą Huertas, Roco̕ del Pilar, Parada Hernǹdez, Mara̕ Mn̤ica
Formato: eBook
Lenguaje:español
Publicado: Bogot:̀ Editorial Universidad de Rosario (Colombia), 2019
Materias:
Acceso en línea:Acceso restringido

MARC

LEADER 00000nam a22000007a 4500
005 20190813004938.0
007 cr|||| ||||
008 190813s2019 co |||||s|||| 00||0 spa d
020 |a 978-958-784-203-6 
035 |a 23995 
040 |a vLex 
090 |c 9161  |d 9161 
100 1 |a Gutiřrez Sann̕, Francisco 
245 1 0 |a La tierra prometida  |h [Recurso electrn̤ico] :  |b Balance de la polt̕ica de restitucin̤ de tierras en Colombia /  |c Francisco Gutiřrez Sann̕, Roco̕ del Pilar Peą Huertas, Mara̕ Mn̤ica Parada Hernǹdez 
256 |a Servicio en ln̕ea 
260 |a Bogot:̀  |b Editorial Universidad de Rosario (Colombia),  |c 2019 
300 |a 1 recurso electrn̤ico 
506 1 |a Disponible solo en los productos indicados  |d vLex Global  |d vLex Global (Academic Edition, excluding Law Schools)  |d vLex Global (U.S. Academic Edition, Law Schools)  |d vLex Global (U.S. Academic Edition, excluding Law Schools)  |d vLex Global (Academic Edition, Law Schools) 
650 0 4 |a Derecho Civil  |z Colombia 
700 1 |a Peą Huertas, Roco̕ del Pilar 
700 1 |a Parada Hernǹdez, Mara̕ Mn̤ica 
740 0 |a vLex Libros (Servicio en ln̕ea) 
856 4 0 |u http://vlex.com/source/tierra-prometida-balance-de-la-politica-de-restitucion-de-tierras-en-colombia-23995  |z Acceso restringido 
942 |c BOOK 
999 0 |a Civil Law